[Event "5th HD Bank Cup 2015"]
[Site "Ho Chi Minh City VIE"]
[Date "2015.03.21"]
[Round "8.37"]
[White "Tran, Thi Mong Thu"]
[Black "Nguyen, Ngoc Thuy Trang"]
[Result "1/2-1/2"]
[BlackTitle "WCM"]
[WhiteElo "1934"]
[BlackElo "1841"]
[WhiteFideId "12403415"]
[BlackFideId "12400688"]
[EventDate "2015.03.17"]

1. e4 e6 2. d4 d5 3. Nd2 Nf6 4. e5 Nfd7 5. Bd3 c5 6. c3 Nc6 7. Ndf3 Qa5 8. Bd2
Qb6 9. Qb3 Qxb3 10. axb3 cxd4 11. cxd4 f6 12. exf6 Nxf6 13. Ne2 Bd6 14. O-O O-O
15. Rfe1 Bd7 16. Ng3 a6 17. Bc3 Rae8 18. h3 Nb4 19. Bb1 Re7 20. Ne5 Bb5 21. Re3
Nd7 22. Nd3 Nxd3 23. Bxd3 Bxd3 24. Rxd3 Ref7 25. Nh1 Rf6 26. f3 Rg6 27. Re1 Rf5
28. Re2 Kf7 29. Nf2 Bg3 30. Nd1 Rh5 31. Kf1 Rf6 32. Nf2 Bxf2 33. Kxf2 Nb8 34.
Bd2 Nc6 35. g4 Rxh3 36. Kg2 Rhxf3 37. Rxf3 Rxf3 38. Kxf3 Nxd4+ 39. Ke3 Nxe2 40.
Kxe2 e5 41. Kf3 Ke6 42. Bb4 g6 43. Bd2 h5 44. Be1 hxg4+ 45. Kxg4 d4 46. Kg5 e4
47. Kf4 Kd5 48. Bh4 b5 49. b4 Kc4 50. Kxe4 Kxb4 51. Bf6 Kc4 52. Bxd4 a5 53. Bf6
Kb3 54. Kf4 1/2-1/2

[Event "5th HD Bank Cup 2015"]
[Site "Ho Chi Minh City VIE"]
[Date "2015.03.21"]
[Round "8.38"]
[White "Le, Minh Tu"]
[Black "Nguyen, Truong Bao Tran"]
[Result "1/2-1/2"]
[WhiteTitle "FM"]
[WhiteElo "1810"]
[BlackElo "1884"]
[WhiteFideId "12404888"]
[BlackFideId "12402311"]
[EventDate "2015.03.17"]

1. d4 Nf6 2. Nf3 d6 3. Bf4 g6 4. e3 Bg7 5. Bc4 O-O 6. O-O Nc6 7. c3 a6 8. h3 b5
9. Be2 Bb7 10. a4 b4 11. Qb3 a5 12. Nbd2 Rb8 13. c4 e5 14. Bg5 Qc8 15. Rac1 Re8
16. d5 Ne7 17. Bxf6 Bxf6 18. e4 c5 19. dxc6 Ba6 20. Qe3 Qxc6 21. Nb3 Qxa4 22.
Ra1 Qc6 23. Nxa5 Qb6 24. c5 dxc5 25. Bxa6 Qxa6 26. Nb3 Qc6 27. Nxc5 Kg7 28. Rfc1
Ra8 29. Rxa8 Rxa8 30. Qb3 Qb5 31. Qd3 Rb8 32. Qxb5 Rxb5 33. Nd3 Rb6 34. Rc5 Nc6
35. Ndxe5 Nxe5 36. Nxe5 Rd6 37. Nc4 Rd1+ 38. Kh2 Rc1 39. b3 Rc3 40. e5 Be7 41.
Rc7 Kf8 42. Rc8+ Kg7 43. Rc7 Kf8 1/2-1/2

[Event "5th HD Bank Cup 2015"]
[Site "Ho Chi Minh City VIE"]
[Date "2015.03.21"]
[Round "8.39"]
[White "Kuich, Gero"]
[Black "Truong, Anh Kiet"]
[Result "0-1"]
[WhiteElo "1763"]
[BlackElo "1766"]
[WhiteFideId "1322079"]
[BlackFideId "12405990"]
[EventDate "2015.03.17"]

1. d4 Nf6 2. c4 e6 3. Nf3 Bb4+ 4. Bd2 Qe7 5. g3 Nc6 6. a3 Bxd2+ 7. Nbxd2 O-O 8.
Bg2 d6 9. O-O e5 10. d5 Nb8 11. e4 a5 12. Rb1 a4 13. Rc1 Nbd7 14. Ne1 Nc5 15.
Qc2 Bg4 16. f3 Bc8 17. Nd3 Nfd7 18. Rce1 Nxd3 19. Qxd3 Nc5 20. Qe3 c6 21. f4 f6
22. Re2 Bd7 23. Nf3 cxd5 24. fxe5 fxe5 25. exd5 b5 26. Nd2 Rxf1+ 27. Bxf1 Rb8
28. Qc3 bxc4 29. Re3 Nb3 30. Bxc4 Nc5 31. Ne4 Rc8 32. Nxc5 Rxc5 33. Qd3 Bg4 34.
b4 axb3 35. Qxb3 Qc7 36. Be2 Rc1+ 37. Kf2 Rc2 38. Qd3 Qc5 39. Kf1 Rc1+ 40. Kf2
Rc2 41. Kf1 Bh3+ 42. Kf2 Bg4 43. Kf1 Bd7 44. Qb3 Bc8 45. Ke1 h6 46. Kf1 Bh3+ 47.
Kf2 Bg4 48. Kf1 Bh3+ 49. Kf2 Bc8 50. Kf1 Rc1+ 51. Kf2 Kh8 52. Qd3 Rh1 53. Qc3
Rxh2+ 54. Ke1 Rh1+ 55. Kf2 Rc1 56. Qb3 Rc2 57. Kf1 Bh3+ 58. Kf2 Bg4 59. Kf1 Bh3+
60. Kf2 Bc8 61. Kf1 Kg8 62. Ke1 Qa5+ 63. Kf2 Rc1 64. Qb4 Qc7 65. Qb2 Rc5 66. Qb3
Qb7 67. Bf3 Kf7 68. Be4 Qxb3 69. Rxb3 Ke7 70. Kf3 Rc4 71. Ke3 Rc5 72. Kf3 h5 73.
Ke3 g5 74. Kf3 Kd8 75. Ke3 Kc7 76. Rd3 Kb6 77. Bf3 h4 78. gxh4 gxh4 79. Kf2 Rc4
80. Kg2 Kc5 81. Kh2 e4 82. Bxe4 Rxe4 83. Rc3+ Rc4 84. Rd3 Bb7 0-1

[Event "5th HD Bank Cup 2015"]
[Site "Ho Chi Minh City VIE"]
[Date "2015.03.21"]
[Round "8.40"]
[White "Lee, Kyungseok"]
[Black "Frost, Peter"]
[Result "1/2-1/2"]
[WhiteElo "1959"]
[BlackElo "1821"]
[WhiteFideId "13202154"]
[BlackFideId "3204634"]
[EventDate "2015.03.17"]

1. e4 c5 2. Nf3 Nc6 3. Bb5 d5 4. exd5 Qxd5 5. O-O Bg4 6. Nc3 Qf5 7. Bd3 Bxf3 8.
Bxf5 Bxd1 9. Rxd1 Nd4 10. Bd3 O-O-O 11. Nb5 Nxb5 12. Bxb5 g6 13. d3 Bg7 14. c3
e6 15. Be3 b6 16. Ba6+ Kb8 17. a4 Ne7 18. a5 Nd5 19. axb6 axb6 20. Bd2 Kc7 21.
Bc4 Kb7 22. Kf1 Ra8 23. Ke2 Rxa1 24. Rxa1 Rd8 25. Ba6+ Kc6 26. Bc4 Kb7 27. Ba6+
Kc6 28. Bc4 Kb7 29. Ba6+ 1/2-1/2

[Event "5th HD Bank Cup 2015"]
[Site "Ho Chi Minh City VIE"]
[Date "2015.03.22"]
[Round "9.1"]
[White "Zhang, Zhong"]
[Black "Nguyen, Ngoc Truong Son"]
[Result "1/2-1/2"]
[WhiteTitle "GM"]
[BlackTitle "GM"]
[WhiteElo "2614"]
[BlackElo "2659"]
[WhiteFideId "8600694"]
[BlackFideId "12401110"]
[EventDate "2015.03.17"]

1. d4 d5 2. c4 c6 3. Nc3 Nf6 4. e3 e6 5. Nf3 Nbd7 6. Qc2 Bd6 7. Bd3 O-O 8. O-O
dxc4 9. Bxc4 a6 10. a4 Qc7 11. e4 e5 12. dxe5 Nxe5 13. Nxe5 Bxe5 14. f4 Bd4+ 15.
Kh1 Qe7 16. Ne2 Ba7 17. Ng3 Ng4 18. h3 Qh4 19. Ra3 Nf6 20. e5 b5 21. Ba2 Nd5 22.
Bxd5 cxd5 23. f5 Bd7 24. Qc7 Qd8 25. Qd6 bxa4 26. Nh5 Bb5 27. Qb4 Bxf1 28. Qg4
g6 29. Nf6+ Qxf6 30. exf6 Rfe8 31. fxg6 hxg6 32. Qh4 Bc5 33. Rc3 Re4 34. Qg5 Bc4
35. Be3 Bd6 36. Bd2 Rae8 37. Re3 Rxe3 38. Bxe3 a3 39. bxa3 Bxa3 40. Qf4 a5 41.
h4 Bf8 42. h5 Bd3 43. Bd2 gxh5 44. Bxa5 Bg6 45. Bc3 Kh7 46. Qg5 d4 47. Bxd4 Re1+
48. Kh2 Bh6 49. Qg3 Re4 50. Qc3 Rg4 51. Be5 Bf5 52. Qb3 Kg6 53. Qb8 Kh7 54. Qe8
Be6 55. Qb5 Kg6 56. Qb8 Kh7 57. Qb1+ Kg8 58. Qd3 Bf4+ 59. Bxf4 Rxf4 60. Qg3+ Rg4
61. Qe5 Rg6 62. Kg1 h4 63. Kf2 Rg4 64. Qh5 Bd7 65. Ke3 Be6 66. Kf3 Rg3+ 67. Kf4
Rxg2 68. Qxh4 Rg4+ 69. Qxg4+ Bxg4 70. Kxg4 Kh7 71. Kh5 Kh8 72. Kg5 Kh7 1/2-1/2

[Event "5th HD Bank Cup 2015"]
[Site "Ho Chi Minh City VIE"]
[Date "2015.03.22"]
[Round "9.3"]
[White "Padmini, Rout"]
[Black "Le, Quang Liem"]
[Result "0-1"]
[WhiteTitle "WGM"]
[BlackTitle "GM"]
[WhiteElo "2454"]
[BlackElo "2676"]
[WhiteFideId "5029295"]
[BlackFideId "12401137"]
[EventDate "2015.03.17"]

1. e4 c5 2. Nf3 e6 3. d4 cxd4 4. Nxd4 Nc6 5. Nc3 Qc7 6. Be2 a6 7. O-O Nf6 8. Be3
Be7 9. f4 d6 10. a4 O-O 11. Kh1 Bd7 12. Qe1 Nxd4 13. Bxd4 Bc6 14. Qg3 Rad8 15.
a5 Rd7 16. Bf3 Ne8 17. Be2 Bf6 18. Bb6 Qc8 19. e5 Bd8 20. Bd3 Bxb6 21. axb6 f5
22. Rfe1 dxe5 23. Rxe5 Rd6 24. Qe3 Bd7 25. Ra3 Nf6 26. h3 Re8 27. Kh2 Bc6 28.
Qc5 Qb8 29. Re1 Rdd8 30. Qf2 e5 31. Ra5 exf4 32. Rxe8+ Rxe8 33. Rxf5 f3+ 34. Kg1
Rf8 35. Qh4 Qd8 36. gxf3 g6 37. Rf4 Qxb6+ 38. Kg2 Kg7 39. b4 Qd8 40. Ne2 Qd5 41.
Qf2 Qg5+ 42. Kh2 Qe5 43. Qd4 Re8 44. Kg2 Qxd4 45. Rxd4 Re3 46. Rd6 Kf7 47. Ng1
Bd5 48. Kf2 Rxd3 49. cxd3 Ke7 50. Rb6 Nd7 0-1

[Event "5th HD Bank Cup 2015"]
[Site "Ho Chi Minh City VIE"]
[Date "2015.03.22"]
[Round "9.4"]
[White "Nguyen, Duc Hoa"]
[Black "Torre, Eugenio"]
[Result "1/2-1/2"]
[WhiteTitle "GM"]
[BlackTitle "GM"]
[WhiteElo "2516"]
[BlackElo "2449"]
[WhiteFideId "12401358"]
[BlackFideId "5200016"]
[EventDate "2015.03.17"]

1. d4 Nf6 2. c4 e6 3. Nf3 Bb4+ 4. Bd2 a5 5. g3 d6 6. Bg2 Nbd7 7. O-O e5 8. Nc3
c6 9. Qc2 O-O 10. Rad1 Bxc3 11. Bxc3 e4 12. Nh4 d5 13. cxd5 cxd5 14. f3 Re8 15.
Bd2 Ra6 16. Rc1 Qb6 17. fxe4 Nxe4 18. Nf5 h6 19. Bxe4 dxe4 20. Qa4 Qd8 21. Qc4
Rae6 22. d5 Re5 23. d6 Rxf5 24. Rxf5 Qb6+ 25. Kg2 Nf6 26. Rxf6 gxf6 27. Qxc8
Rxc8 28. Rxc8+ Kh7 29. d7 Qb5 30. Rh8+ Kg7 31. Rg8+ Kh7 32. Rh8+ Kg7 33. Bxh6+
Kg6 34. Rg8+ Kh7 35. Rh8+ Kg6 1/2-1/2

[Event "5th HD Bank Cup 2015"]
[Site "Ho Chi Minh City VIE"]
[Date "2015.03.22"]
[Round "9.5"]
[White "Karthikeyan, P."]
[Black "Pascua, Haridas"]
[Result "0-1"]
[WhiteTitle "IM"]
[BlackTitle "IM"]
[WhiteElo "2452"]
[BlackElo "2423"]
[WhiteFideId "5018226"]
[BlackFideId "5203953"]
[EventDate "2015.03.17"]

1. d4 Nf6 2. c4 g6 3. Nc3 Bg7 4. e4 d6 5. Be2 O-O 6. Bg5 h6 7. Be3 b6 8. g4 c5
9. e5 Ne8 10. Bf3 Nc7 11. dxc5 bxc5 12. Nb5 Nba6 13. exd6 exd6 14. Ne2 Rb8 15.
Nec3 Be6 16. Qd2 Bxc4 17. Nxd6 Rxb2 18. Qxb2 Qxd6 19. Rc1 Nb4 20. Be2 Bxe2 21.
Kxe2 Nb5 22. Qd2 Nxc3+ 23. Rxc3 Qa6+ 24. Ke1 Bxc3 25. Qxc3 Rd8 26. Bxh6 Nd3+ 27.
Kd1 Nf4+ 0-1

[Event "5th HD Bank Cup 2015"]
[Site "Ho Chi Minh City VIE"]
[Date "2015.03.22"]
[Round "9.6"]
[White "Dimakiling, Oliver"]
[Black "Rakhmanov, Aleksandr"]
[Result "1/2-1/2"]
[WhiteTitle "IM"]
[BlackTitle "GM"]
[WhiteElo "2400"]
[BlackElo "2639"]
[WhiteFideId "5202248"]
[BlackFideId "4173708"]
[EventDate "2015.03.17"]

1. d4 Nf6 2. Bg5 g6 3. Nd2 Bg7 4. e4 d6 5. Bd3 Nc6 6. c3 e5 7. d5 Ne7 8. h3 Nd7
9. g4 f6 10. Be3 f5 11. gxf5 gxf5 12. Qh5+ Kf8 13. exf5 Nf6 14. Qf3 Qe8 15. c4
Qh5 16. Qxh5 Nxh5 17. Ne2 Nxf5 18. Ne4 Bd7 19. Kd2 Nxe3 20. fxe3 Ke7 21. Rag1
Bh6 22. h4 Rag8 23. N2c3 Rxg1 24. Rxg1 Rf8 25. Rg2 Be8 26. Ng5 Bxg5 27. hxg5 Bg6
28. Ne4 Rf3 29. Rh2 Rf8 30. Rh4 Rg8 31. b4 a5 32. bxa5 Ra8 33. Kc3 Rxa5 34. Kb3
Ra8 35. a4 Rg8 36. Kc3 b6 37. Rh2 Rf8 38. Rh4 Rf3 39. Kd2 Rf8 40. Kc3 Rf3 41.
Kd2 Rf7 42. Kc3 Rf8 43. Kd2 Ra8 44. Nc3 Rf8 45. Ne4 Rf7 46. Kc3 Rf3 47. Kd2 Ng3
48. Nf6 Nf1+ 49. Bxf1 Rxf1 50. Nxh7 Rg1 51. Rh6 Kf7 52. Nf8 Kxf8 53. Rxg6 Kf7
54. Rf6+ Ke7 55. Rf5 Rg4 56. Kd3 Ke8 57. e4 Rg3+ 58. Ke2 Kd7 59. Kf2 Rg4 60. Kf3
Rg1 61. Rf7+ Kc8 62. Rg7 Kb8 63. g6 Kc8 64. Rg8+ Kb7 65. g7 Rg6 66. Ke3 Rg3+ 67.
Kd2 Ka7 68. Kc2 Kb7 69. Kd2 Ka7 70. Ke2 Kb7 71. Kf2 Rg6 72. Kf3 Rg5 73. Kf2 Rg4 1/2-1/2

[Event "5th HD Bank Cup 2015"]
[Site "Ho Chi Minh City VIE"]
[Date "2015.03.22"]
[Round "9.7"]
[White "Barbosa, Oliver"]
[Black "Le, Kieu Thien Kim"]
[Result "0-1"]
[WhiteTitle "GM"]
[BlackTitle "WIM"]
[WhiteElo "2501"]
[BlackElo "2138"]
[WhiteFideId "5201640"]
[BlackFideId "12400572"]
[EventDate "2015.03.17"]

1. d4 Nf6 2. c4 e6 3. Nc3 d5 4. Nf3 Be7 5. Bg5 h6 6. Bh4 O-O 7. e3 b6 8. Rc1 Bb7
9. Bd3 Nbd7 10. O-O c5 11. Qe2 Rc8 12. Bg3 dxc4 13. Bxc4 Bxf3 14. gxf3 cxd4 15.
exd4 Nb8 16. Nb5 a6 17. Nc3 b5 18. Bb3 Nc6 19. Rcd1 Nxd4 20. Rxd4 Qxd4 21. Bxe6
Rce8 22. Bb3 Bd6 23. Qc2 Bxg3 24. hxg3 b4 25. Ne2 Qe5 26. Nf4 Rc8 27. Qb1 Rfe8
28. Rd1 a5 29. Kg2 Rc7 30. Rd2 Qg5 31. Qd3 Rd7 32. Qc2 Rxd2 33. Qxd2 Nh5 34. Kf1
Nxf4 35. gxf4 Qb5+ 36. Kg2 a4 37. Bd5 Qd7 0-1

[Event "5th HD Bank Cup 2015"]
[Site "Ho Chi Minh City VIE"]
[Date "2015.03.22"]
[Round "9.9"]
[White "Dao, Thien Hai"]
[Black "Bitoon, Richard"]
[Result "1/2-1/2"]
[WhiteTitle "GM"]
[BlackTitle "GM"]
[WhiteElo "2482"]
[BlackElo "2422"]
[WhiteFideId "12400084"]
[BlackFideId "5201110"]
[EventDate "2015.03.17"]

1. d4 Nf6 2. c4 c6 3. Nc3 d5 4. cxd5 cxd5 5. Bf4 Nc6 6. e3 a6 7. Nf3 Bf5 8. Bd3
Bxd3 9. Qxd3 e6 10. O-O Bd6 11. Bxd6 Qxd6 12. Rfc1 O-O 13. h3 Rfc8 1/2-1/2

[Event "5th HD Bank Cup 2015"]
[Site "Ho Chi Minh City VIE"]
[Date "2015.03.22"]
[Round "9.11"]
[White "Tin, Jingyao"]
[Black "Nguyen, Van Huy"]
[Result "0-1"]
[WhiteTitle "FM"]
[BlackTitle "IM"]
[WhiteElo "2326"]
[BlackElo "2452"]
[WhiteFideId "5804418"]
[BlackFideId "12401064"]
[EventDate "2015.03.17"]

1. Nf3 Nf6 2. c4 g6 3. Nc3 Bg7 4. d4 O-O 5. Bf4 d6 6. h3 c5 7. e3 cxd4 8. exd4
d5 9. Be2 dxc4 10. Bxc4 Nbd7 11. O-O Nb6 12. Bb3 Nbd5 13. Be5 b6 14. Nxd5 Nxd5
15. Bxg7 Kxg7 16. Qe2 Bb7 17. Rac1 Qd6 18. Rfe1 e6 19. g3 Rac8 20. Ne5 Rxc1 21.
Rxc1 Nf6 22. Qe3 Rd8 23. Qf4 Qb4 24. Nxf7 Rxd4 25. Qb8 Qd2 26. Rf1 Kxf7 27.
Qxb7+ Rd7 28. Qc6 Qe2 29. Bc4 Qe4 30. Qxe4 Nxe4 31. Re1 Rd4 32. b3 Kf6 33. Re3
Nc5 34. Kg2 a5 35. a4 g5 36. Be2 Ke7 37. Bb5 h6 38. Rc3 e5 39. Bc4 e4 40. f3
Rd2+ 41. Kg1 Kd6 42. fxe4 Nxe4 43. Re3 Rd4 44. Kg2 Kc5 45. Bd3 Nd2 46. Bh7 Rd6
47. Bg8 Kd4 48. Re8 Rf6 49. h4 Ne4 50. Bh7 Rf2+ 51. Kg1 Re2 52. hxg5 hxg5 53.
Re6 Nxg3 54. Rxb6 Rb2 55. Rg6 Ke3 56. Re6+ Kf3 57. Rf6+ Kg4 58. Bg8 Ne4 59. Rc6
Kg3 60. Kf1 Kf3 61. Rc1 Rh2 62. Kg1 Rg2+ 63. Kf1 Rf2+ 64. Kg1 Rd2 65. Bh7 Rg2+
66. Kf1 Ng3+ 67. Ke1 Rg1+ 68. Kd2 Rxc1 69. Kxc1 g4 70. Bg6 Ne2+ 71. Kd2 g3 72.
Bf7 Kf2 73. Bd5 Nd4 74. Bh1 Nxb3+ 75. Kc3 Nc5 76. Kc4 Nxa4 77. Kb5 Nc3+ 78. Kxa5
Nd1 79. Kb6 Ne3 80. Be4 Nf5 81. Kc5 Nh4 82. Bh1 Ng2 83. Kd4 Kg1 0-1

[Event "5th HD Bank Cup 2015"]
[Site "Ho Chi Minh City VIE"]
[Date "2015.03.22"]
[Round "9.12"]
[White "Tran, Manh Tien"]
[Black "Karavade, Eesha"]
[Result "1/2-1/2"]
[BlackTitle "IM"]
[WhiteElo "2266"]
[BlackElo "2405"]
[WhiteFideId "12401897"]
[BlackFideId "5012600"]
[EventDate "2015.03.17"]

1. d4 Nf6 2. c4 e6 3. Nf3 d5 4. Nc3 Bb4 5. Bg5 h6 6. Bxf6 Qxf6 7. e3 O-O 8. Rc1
dxc4 9. Bxc4 c5 10. O-O cxd4 11. Nxd4 Bd7 12. Ne4 Qe7 13. a3 Ba5 14. Qh5 Bb6 15.
Rfd1 a6 16. Ba2 Rd8 17. Nf3 Bc6 18. Rxd8+ Bxd8 19. Ne5 Bc7 20. Bb1 Bxe5 21. Qxe5
Nd7 22. Qc7 Qd8 23. Qf4 Qe7 24. Qc7 Kf8 25. Qa5 Nf6 26. Qe5 Nxe4 27. Bxe4 Bxe4
28. Qxe4 Rd8 29. h3 Kg8 30. b4 Qd7 31. g4 Rc8 32. Rxc8+ Qxc8 33. a4 Qd7 34. a5
Qc7 35. Kg2 Kf8 36. Qd4 Kg8 37. h4 Qc6+ 38. e4 Qc7 39. e5 Qc6+ 40. Kg3 Qc7 41.
Kf3 Qc6+ 42. Kg3 Qc7 43. h5 Qc6 44. Qd8+ Kh7 45. f3 Qc3 46. Qd6 Qe1+ 47. Kf4
Qc1+ 48. Ke4 Qe1+ 49. Kf4 Qc1+ 50. Ke4 Qe1+ 51. Kf4 Qc1+ 1/2-1/2

[Event "5th HD Bank Cup 2015"]
[Site "Ho Chi Minh City VIE"]
[Date "2015.03.22"]
[Round "9.13"]
[White "Li, Xueyi"]
[Black "Nolte, Rolando"]
[Result "1/2-1/2"]
[BlackTitle "IM"]
[WhiteElo "2190"]
[BlackElo "2394"]
[WhiteFideId "8605912"]
[BlackFideId "5200636"]
[EventDate "2015.03.17"]

1. d4 e6 2. c4 Nf6 3. Nc3 Bb4 4. e3 b6 5. Ne2 c5 6. a3 Ba5 7. Bd2 O-O 8. Rb1 Na6
9. g3 cxd4 10. exd4 Bb7 11. d5 Bxc3 12. Nxc3 Rc8 13. Be3 exd5 14. cxd5 Rxc3 15.
bxc3 Nxd5 16. Bd4 Qg5 17. f4 Re8+ 18. Be2 Qe7 19. Rf1 Nc5 20. Rf3 Ne6 21. Bf2
Nf6 22. Re3 Nd5 23. Rf3 Nf6 24. Re3 Nd5 25. Rf3 1/2-1/2

[Event "5th HD Bank Cup 2015"]
[Site "Ho Chi Minh City VIE"]
[Date "2015.03.22"]
[Round "9.14"]
[White "Bersamina, Paulo"]
[Black "Myo Naing"]
[Result "1-0"]
[WhiteTitle "IM"]
[BlackTitle "IM"]
[WhiteElo "2359"]
[BlackElo "2299"]
[WhiteFideId "5206995"]
[BlackFideId "13000071"]
[EventDate "2015.03.17"]

1. e4 c5 2. Nf3 d6 3. d4 cxd4 4. Nxd4 Nf6 5. Nc3 Nc6 6. Bg5 Bd7 7. Qd2 Rc8 8.
Bxf6 gxf6 9. Nxc6 Bxc6 10. O-O-O a6 11. Bc4 e6 12. Rhe1 h5 13. Kb1 Be7 14. Qe3
Kf8 15. f4 Qa5 16. Bb3 Qc5 17. Qh3 b5 18. e5 dxe5 19. fxe5 f5 20. Rf1 Qxe5 21.
Rde1 Qf6 22. Ne2 Bd6 23. c3 Qg6 24. Ka1 Be5 25. Qe3 Be4 26. Nd4 Kg7 27. Bc2 Rhd8
28. Bxe4 Bxd4 29. cxd4 fxe4 30. g4 hxg4 31. h3 Rc4 32. Rg1 Rcxd4 33. a3 Rd3 34.
Qf4 g3 35. Qe5+ Kh7 36. Rxe4 f6 37. Qxe6 R3d4 38. Qe7+ Kh8 39. Rxd4 Rxd4 40.
Qf8+ Kh7 41. Qe7+ Kh8 42. Qf8+ Kh7 43. Qe7+ Kh8 44. Re1 Kg8 45. Rc1 Rc4 46. Rd1
Qf7 47. Qd6 Kh7 48. Qxg3 Qg6 49. Qd6 Qg5 50. Qe7+ Qg7 51. Qe8 Rc7 52. Rd8 Kh6
53. Rd5 Qg6 54. Qh8+ Rh7 55. Qf8+ Rg7 56. Rd6 Kg5 57. h4+ Kxh4 58. Rxf6 Qg1+ 59.
Rf1 Qa7 60. Qf4+ Kh5 61. Rh1+ 1-0

[Event "5th HD Bank Cup 2015"]
[Site "Ho Chi Minh City VIE"]
[Date "2015.03.22"]
[Round "9.15"]
[White "Nay Oo Kyaw Tun"]
[Black "To, Nhat Minh"]
[Result "1/2-1/2"]
[WhiteTitle "IM"]
[BlackTitle "IM"]
[WhiteElo "2292"]
[BlackElo "2323"]
[WhiteFideId "13000110"]
[BlackFideId "729019"]
[EventDate "2015.03.17"]

1. e4 c5 2. c3 d5 3. exd5 Qxd5 4. d4 Nf6 5. Nf3 e6 6. Na3 Nc6 7. Be2 Qd8 8. Nc2
Be7 9. O-O O-O 10. dxc5 Bxc5 11. Qxd8 Rxd8 12. Be3 Bxe3 13. Nxe3 b6 14. Rfd1 Bb7
15. Kf1 Kf8 16. Rxd8+ Rxd8 17. Rd1 Rxd1+ 18. Bxd1 Ke7 19. Be2 h6 20. Nc4 Nd7 21.
b4 Ba6 22. Ke1 Bxc4 23. Bxc4 Nce5 24. Nxe5 Nxe5 25. Be2 g5 26. Kd2 f5 27. a3 Kd6
28. c4 Nd7 29. Bf3 g4 30. Bb7 Ke5 31. Ke3 Nf6 32. f4+ gxf3 33. gxf3 f4+ 34. Kd3
Kd6 35. Be4 Nd7 36. Kd4 a5 37. Bb7 axb4 38. axb4 Nf6 39. c5+ Kc7 40. Be4 bxc5+
41. bxc5 Nd7 42. Bc2 Nb8 43. Bb3 Nc6+ 44. Ke4 Nd8 45. Ba4 Nb7 46. Kd4 Na5 47.
Kc3 Nb7 48. Kc4 Na5+ 49. Kd4 Nb7 50. h4 Na5 51. Kc3 Nb7 52. Kc4 Na5+ 53. Kd4 Nb7
54. Bc2 Nd8 55. Bb3 Kc6 56. Ba4+ Kc7 57. Bb5 Nb7 58. Bd3 Na5 59. Be4 Nb3+ 60.
Kc4 Nd2+ 61. Kd4 Nb3+ 62. Ke5 Nxc5 63. Bc2 Kd7 64. Kf6 Kd6 65. Kg6 e5 66. Kxh6
e4 67. fxe4 f3 68. Bd1 f2 69. Be2 Nxe4 70. Kg6 Ng3 71. Bd3 Ke5 72. h5 Kd4 73.
Ba6 Ke3 74. h6 Ne2 75. Bxe2 Kxe2 76. h7 f1=Q 77. h8=Q Qg2+ 78. Kf7 Qd5+ 79. Kg6
Qe6+ 80. Qf6 Qxf6+ 81. Kxf6 1/2-1/2

[Event "5th HD Bank Cup 2015"]
[Site "Ho Chi Minh City VIE"]
[Date "2015.03.22"]
[Round "9.16"]
[White "Vo, Thanh Ninh"]
[Black "Turqueza, Mari Joseph"]
[Result "1-0"]
[BlackTitle "FM"]
[WhiteElo "2311"]
[BlackElo "2243"]
[WhiteFideId "12402141"]
[BlackFideId "5204674"]
[EventDate "2015.03.17"]

1. c4 e5 2. g3 d6 3. Bg2 g6 4. Nc3 Bg7 5. d3 Nc6 6. e4 f5 7. Nge2 Nf6 8. O-O O-O
9. Bg5 h6 10. Be3 Be6 11. exf5 Bxf5 12. h3 Qd7 13. Kh2 Be6 14. f4 Ne7 15. Qd2
Nf5 16. Bf2 h5 17. Bxb7 Rad8 18. Bg2 Bh6 19. Ne4 d5 20. Nxf6+ Rxf6 21. g4 hxg4
22. hxg4 exf4 23. gxf5 Rxf5 24. Kg1 Rg5 25. Nxf4 Bh3 26. Qe2 Re8 27. Qxe8+ Qxe8
28. Nxh3 Rg4 29. Rae1 Qd7 30. Kh1 dxc4 31. dxc4 c6 32. Rd1 Qc8 33. b3 Bg7 34. c5
Be5 35. Rd3 Rxg2 36. Kxg2 Qg4+ 37. Bg3 g5 38. Re1 Bf4 39. Nxf4 gxf4 40. Rf3 1-0

[Event "5th HD Bank Cup 2015"]
[Site "Ho Chi Minh City VIE"]
[Date "2015.03.22"]
[Round "9.17"]
[White "Vo, Dai Hoai Duc"]
[Black "Pitra, Andika"]
[Result "1/2-1/2"]
[BlackTitle "FM"]
[WhiteElo "2195"]
[BlackElo "2310"]
[WhiteFideId "12400033"]
[BlackFideId "7103255"]
[EventDate "2015.03.17"]

1. d4 Nf6 2. c4 g6 3. Nc3 Bg7 4. e4 O-O 5. Nf3 d6 6. Be2 e5 7. Be3 c6 8. O-O Ng4
9. Bg5 f6 10. Bh4 Na6 11. h3 Nh6 12. d5 c5 13. a3 Bd7 14. Ne1 g5 15. Bg3 f5 16.
exf5 Nxf5 17. Ne4 Qe7 18. Nc2 h6 19. Bg4 Be8 20. Bh5 Ba4 21. Qd3 Nc7 22. b3 Bd7
23. b4 b6 24. Rab1 Ne8 25. bxc5 dxc5 26. Ne3 Ned6 27. Bg6 Nxe4 28. Nxf5 Bxf5 29.
Bxf5 Nxg3 30. Be6+ Kh8 31. fxg3 Rxf1+ 32. Rxf1 Rf8 33. Rxf8+ Qxf8 34. Qe4 Qf6
35. Bg4 Bf8 36. Be2 Bd6 37. Bd3 Kg7 38. Qh7+ Kf8 39. Be4 Be7 40. a4 a6 41. Kh2
Ke8 42. Bg6+ Kd7 43. Bf5+ Kc7 44. Bg4 e4 45. d6+ Kxd6 46. Qxe4 Bd8 47. Qb7 Qe7
48. Qd5+ Kc7 49. Bf3 Qd7 50. Qe5+ Qd6 51. Qe4 Bf6 52. Qb7+ Kd8 53. Qa8+ Ke7 54.
Qb7+ Kf8 55. Bd5 Be7 56. Qc8+ Bd8 57. Qf5+ Qf6 58. Qh7 Qg7 59. Qf5+ Qf6 60. Qh7
Qg7 1/2-1/2

[Event "5th HD Bank Cup 2015"]
[Site "Ho Chi Minh City VIE"]
[Date "2015.03.22"]
[Round "9.18"]
[White "Hoang, Thi Bao Tram"]
[Black "Sadorra, Julio Catalino"]
[Result "0-1"]
[WhiteTitle "WGM"]
[BlackTitle "GM"]
[WhiteElo "2303"]
[BlackElo "2548"]
[WhiteFideId "12401102"]
[BlackFideId "5201268"]
[EventDate "2015.03.17"]

1. Nf3 d5 2. e3 Nf6 3. c4 e6 4. Nc3 c5 5. d4 a6 6. cxd5 exd5 7. Be2 Bd6 8. dxc5
Bxc5 9. O-O O-O 10. Qd3 Nc6 11. Rd1 Be6 12. a3 Ba7 13. b4 Qd6 14. Bb2 Rad8 15.
Na4 Ne4 16. Rac1 Bf5 17. Qb3 Rfe8 18. Nc5 Bxc5 19. bxc5 Nxc5 20. Qc3 Ne6 21.
Bxa6 d4 22. exd4 bxa6 23. Qxc6 Qb8 24. Re1 Qxb2 25. d5 Nf8 26. Qxa6 Be4 27. Rcd1
Bxf3 28. Rxe8 Rxe8 29. gxf3 Qb3 0-1

[Event "5th HD Bank Cup 2015"]
[Site "Ho Chi Minh City VIE"]
[Date "2015.03.22"]
[Round "9.19"]
[White "Grafil, Franz Robert"]
[Black "Cao, Sang"]
[Result "0-1"]
[BlackTitle "GM"]
[WhiteElo "2123"]
[BlackElo "2480"]
[WhiteFideId "5205298"]
[BlackFideId "725056"]
[EventDate "2015.03.17"]

1. d4 Nf6 2. c4 e6 3. g3 c5 4. d5 exd5 5. cxd5 d6 6. Nc3 g6 7. Bg2 Bg7 8. Nf3
O-O 9. O-O a6 10. a4 Re8 11. Bf4 h6 12. Qc1 Kh7 13. h3 Nh5 14. Bd2 Nd7 15. e4
Rb8 16. Rb1 b5 17. axb5 axb5 18. b4 cxb4 19. Rxb4 Nc5 20. Qb1 Bd7 21. Nd4 Na6
22. Nce2 Nxb4 23. Bxb4 Qb6 24. Rd1 Rbc8 25. g4 Nf4 26. Nxf4 Bxd4 27. Nd3 Rc4 28.
Kh1 Bg7 29. Qb3 Ra8 30. f4 Ra1 31. Rxa1 Bxa1 32. e5 dxe5 33. Nxe5 Bxe5 34. fxe5
Qf2 35. Qa3 Qf4 0-1